000 00664nam a2200205 a 4500
008 120416s2000 ||||||||||||||||| || u
020 _a0750646004
050 _aTK 6550 Dav
100 _aDavies, J
245 1 0 _aNewnes radio and RF engineers' pocket book
250 _a2nd ed.
260 _aOxford
_bNewnes
_c2000
300 _axi, 594 p. : ill.
350 _a0.00
650 _aCOMMUNICATION
650 _aMOBILE COMMUNICATION SYSTEM
650 _aRADIO--CONRESSES
700 _aCarr, Joseph J
995 _D0.00
_FCBU-MAIN LIBRARY (Kitwe)
_H1
_I28.95
_M1
_UAVAILABLE
_ZMain Library Open Access Collection
999 _c52237
_d52237